000 00488nam a2200169Ia 4500
999 _c2557
_d2557
020 _a81-7033-624-4
082 _a614.546095475 SIN-L
100 _aSinha, Harshi;
245 0 _aLeprosy in India: a study in medical geography
260 _aJaipur
_bRawat Publications
_c2000
300 _a259p.
504 _aIncludes index
650 _aLeprosy - Vadodra (Gujarat)
650 _aMycobactrium Leprae - Vadodra (Gujarat)
650 _aMedical geography - Vadodra (Gujarat)
942 _cBK